LEADER 01117nam a2200253 i 4500 001 000000241515 003 CaOOAMICUS 005 20150505000000.0 008 150505s1975 it u000 u ita u 013 $a220420 040 $aSeMil$bita 245 10$aBruno Buozzi :$bscritti e discorsi /$cA cura di E. Guglielmo Epifani ; Prefazione di Piero Boni. 260 $aRoma :$bEditrice Sindacale Italiana,$ccopyr. 1975. 300 $aVII, 351 p. :$bill. ;$c22 cm. 490 0 $aCollana storica 500 $aContiene : Appendice ; Nota biografica. 600 14$aBuozzi, Bruno <1881-1944>.$0(OLS)http://semarc/subject/42354 700 1 $aBoni, Piero <1920-2009>.$0(OLS)http://semarc/name/81765 700 1 $aEpifani, Guglielmo,$d<1950-2021>.$0(OLS)http://semarc/name/81764 830 0$aCollana storica.$0(OLS)http://semarc/title/1100 850 $aSeMil 852 $aSeMil$W1$xVenegono$y1$m3N III 279$j191861$B191861$CSeMilBibl$Z2$F202658 $81 996 $6245$aBruno Buozzi :$bscritti e discorsi$9(OLS)http://semarc/title/343248 996 $6260$aRoma :$bEditrice Sindacale Italiana$9(OLS)http://semarc/publisher/39036 LEADER 00937nam a2200229 i 4500 001 000000107631 003 CaOOAMICUS 005 20161130000000.0 008 161130s1844 xx u000 u fre u 013 $a79960 040 $aSeMil$bita 100 1 $aTroplong, Raymond Théodore.$0(OLS)http://semarc/name/2816 245 13$aDe l'influence du christianisme sur le droit civil des romains /$cpar Troplong. 260 $aBruxelles :$bSociété typographique belge,$c1844. 300 $a122 p. ;$c26 cm. 650 4$aDiritto romano.$0(OLS)http://semarc/subject/874 850 $aSeMil 852 $aSeMil$W1$xVenegono$y1$m3L V 61 FA$j63727$B63727$CSeMilBibl$Z2$F214609 $8I 941 1 $a10 961 $aRecupero: Mantegazza 996 $6245$aDe l'influence du christianisme sur le droit civil des romains$9(OLS)http://semarc/title/156310 996 $6260$aBruxelles :$bSociété typographique belge$9(OLS)http://semarc/publisher/31313